| 000 | 00467nam a2200193Ia 4500 | ||
|---|---|---|---|
| 008 | 170918s9999 xx 000 0 und d | ||
| 020 | _a978052547892 | ||
| 050 | _bB847ch 2008 | ||
| 100 | _aBrewer, Heather | ||
| 245 | 4 | _aThe chronicles of Vladimir Tod : | |
| 245 | _bninth grade slays / | ||
| 245 | _cby Heather Brewer. | ||
| 260 | _aUSA : | ||
| 260 | _bSpeak, | ||
| 260 | _c2008 | ||
| 300 | _a278 pages : | ||
| 300 | _billustrations ; | ||
| 300 | _c21cm. | ||
| 999 |
_c343515 _d343515 |
||